| 000 | 00576nam a2200193Ii 4500 | ||
|---|---|---|---|
| 003 | JO-AjNU | ||
| 008 | 230605s9999||||xx |||||||||||||| ||und|| | ||
| 040 |
_aJO-AjNU _bara _erda _cJO-AjNU |
||
| 041 | _aara | ||
| 050 | 1 | 4 | _aBP161.2.A67 1970 |
| 100 | 3 |
_aالعقاد، عباس محمود, _eauthor _935198 |
|
| 245 | 0 | 0 | _aما يقال عن الإسلام |
| 264 | 3 | 1 | _aد.م: دار الهلال، 1970 |
| 300 | _a194ص | ||
| 336 |
_atext _btxt _2rdacontent |
||
| 337 |
_aunmediated _bn _2rdamedia |
||
| 338 |
_avolume _bnc _2rdacarrier |
||
| 650 | 4 |
_aالاسلام _935199 |
|
| 999 |
_aA14507 _c18075 _d18075 |
||